000 00723nam a2200277Ia 4500
005 20260324114912.0
008 008 260324s9999 xx 000 0 eng d
020 _a9780429281051
037 _aEBOOK
040 _aCRL
040 _beng
040 _cCRL
041 _2eng
041 _aeng
084 _qCRL
100 _aRamalingaswamy Cheruku; Damodar Reddy Edla; Venkatanareshbabu Kuppili
_91152598
245 0 _aSoft Computing Techniques for Type-2 Diabetes Data Classification
260 _bTaylor and Francis
260 _c2020
365 _a
365 _b340
856 _uhttp://www.taylorfrancis.com/books/9780429281051
942 _cEBOOK
999 _c1743070
_d1743070